| 000 | 00448nam a2200169Ia 4500 | ||
|---|---|---|---|
| 008 | 230917s9999||||xx |||||||||||||| ||und|| | ||
| 020 | _cRS 995.00 | ||
| 040 |
_e5001589 _aMAIN |
||
| 041 | _aEnglish | ||
| 082 | _a320.50954 M792B | ||
| 100 | _aMorale, Suhas R | ||
| 245 | 0 | _aBhartiya rajnitik vicharak | |
| 260 |
_aKanpur _bGarima Prakashan _c2014 |
||
| 300 | _a256 p. | ||
| 500 | _a3983 21/01/2020 HBD20/8176 24/01/2020 Main Budget | ||
| 942 | _cBK | ||
| 999 |
_c1510 _d1510 |
||